|
|
|
|
| LEADER |
02188nam a2200553 aa4500 |
| 001 |
nkc20112163286 |
| 003 |
CZ PrNK |
| 005 |
20221202101755.0 |
| 007 |
ta |
| 008 |
110126m20102012xr f 000 0 cze |
| 015 |
|
|
|a cnb002163286
|
| 020 |
|
|
|a 978-80-7298-404-6
|q (1. díl ;
|q váz.)
|
| 020 |
|
|
|a 978-80-7298-479-4
|q (2. díl ;
|q váz.)
|
| 035 |
|
|
|a (OCoLC)707610143
|
| 040 |
|
|
|a ABA001
|b cze
|
| 041 |
1 |
|
|a cze
|h ger
|
| 072 |
|
7 |
|a 122/129
|x Speciální metafyzika
|2 Konspekt
|9 5
|
| 080 |
|
|
|a 123.1
|2 MRF
|
| 080 |
|
|
|a 159.923-021.411
|2 MRF
|
| 080 |
|
|
|a 17.022.1
|2 MRF
|
| 080 |
|
|
|a (0:82-4)
|2 MRF
|
| 100 |
1 |
|
|a Nietzsche, Friedrich,
|d 1844-1900
|7 jn19990006124
|4 aut
|
| 240 |
1 |
0 |
|a Menschliches, Allzumenschliches.
|l Česky
|7 aun2011622154
|
| 245 |
1 |
0 |
|a Lidské, příliš lidské :
|b kniha pro svobodné duchy /
|c Friedrich Nietzsche ; přeložila Věra Koubová
|
| 250 |
|
|
|a Vyd. 1.
|
| 260 |
|
|
|a Praha :
|b OIKOYMENH,
|c 2010-2012
|
| 300 |
|
|
|a 2 sv. ;
|c 22 cm
|
| 490 |
1 |
|
|a Knihovna novověké tradice a současnosti ;
|v sv. 67, 70
|
| 500 |
|
|
|a Přeloženo z němčiny
|
| 500 |
|
|
|a V 1. dílu rozložená tit. s.
|
| 504 |
|
|
|a Obsahuje bibliografické odkazy
|
| 505 |
0 |
|
|a První díl. 2010. 285 s. -- Druhý díl. 2012. 277 s.
|
| 650 |
0 |
7 |
|a svobodná vůle
|7 ph126310
|2 czenas
|
| 650 |
0 |
7 |
|a lidská přirozenost
|7 ph124918
|2 czenas
|
| 650 |
0 |
7 |
|a morální hodnoty
|7 ph184254
|2 czenas
|
| 650 |
0 |
9 |
|a free will
|2 eczenas
|
| 650 |
0 |
9 |
|a human naturalness
|2 eczenas
|
| 650 |
0 |
9 |
|a moral values
|2 eczenas
|
| 655 |
|
7 |
|a úvahy
|7 fd134000
|2 czenas
|
| 655 |
|
9 |
|a essays
|2 eczenas
|
| 700 |
1 |
|
|a Koubová, Věra,
|d 1953-
|7 jn20011210278
|4 trl
|
| 830 |
|
0 |
|a Knihovna novověké tradice a současnosti
|0 s
|
| 856 |
4 |
1 |
|u http://www.digitalniknihovna.cz/mzk/uuid/uuid:0e17b060-f13e-11e8-8d10-5ef3fc9ae867
|y Digitalizovaný dokument
|z 1-2
|x NDK
|
| 910 |
2 |
|
|a BOA001
|b 2-1281.024
|s 1-
|
| 990 |
|
|
|a BK
|
| 995 |
|
|
|a 01
|
| 991 |
|
|
|b 201203
|c NOV
|e n
|
| 996 |
6 |
|
|b 2610502466
|c 2-1281.024
|d 1. díl
|v 1
|l MZK
|r Sklad / do 1 hodiny
|n 10
|p p.v.
|w 001228997
|u 000010
|a 1
|e BOA001
|j MZK50
|s P
|
| 996 |
6 |
|
|b 2610537459
|c 2-1281.024
|d 2. díl
|v 2
|l MZK
|r Sklad / do 1 hodiny
|n 4
|p p.v.
|w 001228997
|u 000020
|a 1
|e BOA001
|j MZK50
|s P
|